000
00305nam a22001337a 4500
008
180918b xxu||||| |||| 00| 0 eng d
020
_a
9780835950503
041
_a
eng
080
_a
616.12
100
_a
7
101
_a
KAR
245
_a
Advanced Cardiac Life Support
_c
Mistovich, J.J
942
_2
udc
_c
BK
999
_c
47901
_d
47901